[Event "Omsk CC-ch sf"]
[Site "Omsk"]
[Date "2011.06.30"]
[Round "8"]
[White "Lunga, Oleg"]
[Black "Petrenko, Andrey"]
[Result "1-0"]
[WhiteElo "1625"]
[BlackElo "1895"]
[PlyCount "28"]
[EventDate "2011.06.20"]
[EventType "swiss"]
[EventRounds "11"]
[EventCountry "RUS"]
[SourceTitle "EXT 2023"]
[Source "ChessBase"]
[SourceDate "2022.10.05"]
[SourceVersion "1"]
[SourceVersionDate "2022.10.05"]
[SourceQuality "1"]

1. d4 Nf6 2. c4 g6 3. Nc3 Bg7 4. e4 d6 5. f4 0-0 6. Nf3 c5 7. d5 Re8 8. Be2 Nfd7 9. 0-0 Nf8 10. h3 e6 11. dxe6 Nxe6 12. Nb5 Nd4 13. Nfxd4 cxd4 14. Bf3 Nc6 1-0

[Event "Vladivostok Cup"]
[Site "Vladivostok"]
[Date "2010.03.26"]
[Round "8"]
[White "Han, Tamara"]
[Black "Petrenko, Andrey"]
[Result "0-1"]
[WhiteElo "1747"]
[BlackElo "1825"]
[PlyCount "78"]
[EventDate "2010.03.19"]
[EventType "swiss"]
[EventRounds "9"]
[EventCountry "RUS"]
[SourceTitle "EXT 2022"]
[Source "ChessBase"]
[SourceDate "2021.10.06"]
[SourceVersion "1"]
[SourceVersionDate "2021.10.06"]
[SourceQuality "1"]

1. d4 Nf6 2. e3 e6 3. c4 b6 4. Nf3 Bb7 5. Nc3 Bb4 6. Bd2 0-0 7. Be2 c5 8. dxc5 bxc5 9. 0-0 Nc6 10. Na4 Bxd2 11. Nxd2 d6 12. Bf3 Qc7 13. Ne4 Nxe4 14. Bxe4 f5 15. Bf3 g5 16. h3 Rf6 17. e4 Ne5 18. Qe2 Nxf3+ 19. Qxf3 Bxe4 20. Qe3 Raf8 21. Nc3 Bc6 22. f3 h6 23. Ne2 f4 24. Qd3 h5 25. Rf2 e5 26. Nc3 g4 27. hxg4 hxg4 28. Nd5 Bxd5 29. Qxd5+ Qf7 30. Qxf7+ Kxf7 31. fxg4 e4 32. Re1 Re6 33. Kf1 Kg6 34. Ke2 Kg5 35. Rd1 Kxg4 36. Rd5 Rf5 37. Rd1 Rh6 38. Rdf1 Rff6 39. b3 Kg3 0-1

[Event "Vladivostok Cup"]
[Site "Vladivostok"]
[Date "2010.03.24"]
[Round "6"]
[White "Babich, Mikhail"]
[Black "Petrenko, Andrey"]
[Result "1-0"]
[WhiteElo "2033"]
[BlackElo "1825"]
[PlyCount "107"]
[EventDate "2010.03.19"]
[EventType "swiss"]
[EventRounds "9"]
[EventCountry "RUS"]
[SourceTitle "EXT 2022"]
[Source "ChessBase"]
[SourceDate "2021.10.06"]
[SourceVersion "1"]
[SourceVersionDate "2021.10.06"]
[SourceQuality "1"]

1. d4 Nf6 2. c4 e6 3. Nf3 Bb4+ 4. Bd2 Bxd2+ 5. Qxd2 Ne4 6. Qc2 f5 7. e3 d6 8. Bd3 Nf6 9. 0-0 0-0 10. Nc3 Nc6 11. a3 a5 12. Rac1 Kh8 13. e4 fxe4 14. Nxe4 Nxe4 15. Bxe4 Qf6 16. Bxc6 bxc6 17. c5 Bd7 18. Qd2 a4 19. Rc4 h6 20. Qc2 Qf5 21. b4 Qxc2 22. Rxc2 Rf4 23. Re1 Raf8 24. Re3 g5 25. Rd2 R8f6 26. Ne1 Kg7 27. g3 R4f5 28. Nd3 Rf8 29. Nb2 Ra8 30. cxd6 cxd6 31. Nc4 Kf6 32. Nxd6 Rd5 33. Ne4+ Kf5 34. Nc5 Ra7 35. Kg2 Bc8 36. Kf1 e5 37. Rxe5+ Rxe5 38. dxe5 Kxe5 39. f3 Ba6+ 40. Kf2 Bc4 41. Ke3 Bd5 42. Rb2 Re7 43. f4+ Kf5+ 44. Kd4 Re1 45. fxg5 Kxg5 46. Nxa4 Ra1 47. Nc3 Rxa3 48. Nxd5 cxd5 49. Kxd5 Kg4 50. b5 h5 51. b6 Ra1 52. b7 Rd1+ 53. Kc5 Rc1+ 54. Kb5 1-0

[Event "Omsk op"]
[Site "Omsk"]
[Date "2008.07.13"]
[Round "8"]
[White "Lunga, Oleg"]
[Black "Petrenko, Andrey"]
[Result "0-1"]
[WhiteElo "1678"]
[BlackElo "1853"]
[PlyCount "60"]
[EventDate "2008.07.01"]
[EventType "swiss"]
[EventRounds "11"]
[EventCountry "RUS"]
[SourceTitle "EXT 2022"]
[Source "ChessBase"]
[SourceDate "2021.10.06"]
[SourceVersion "1"]
[SourceVersionDate "2021.10.06"]
[SourceQuality "1"]

1. d4 Nf6 2. c4 e6 3. Nc3 Bb4 4. Bd2 0-0 5. Nf3 d5 6. e3 b6 7. Be2 Bb7 8. 0-0 Nbd7 9. cxd5 exd5 10. Rc1 a6 11. a3 Bd6 12. Re1 Re8 13. Bf1 Ne4 14. h3 Ndf6 15. Re2 Nxc3 16. Bxc3 Ne4 17. Be1 Qd7 18. Kh1 Bc6 19. Rec2 Ba4 20. Bd3 Bxc2 21. Qxc2 Re6 22. Bxe4 dxe4 23. Ng5 Qb5 24. f4 Qf1+ 25. Kh2 Bxf4+ 26. Bg3 Qxc1 27. Qxc1 Bxg5 28. Qxc7 Bxe3 29. Qb7 Rae8 30. Qxa6 Bxd4 0-1

[Event "Novoshachtinsk op"]
[Site "Novoshachtinsk"]
[Date "2007.02.??"]
[Round "4"]
[White "Malyi, Viacheslav"]
[Black "Petrenko, Andrey"]
[Result "1-0"]
[WhiteElo "1972"]
[BlackElo "1853"]
[PlyCount "101"]
[EventDate "2007.02.??"]
[EventType "swiss"]
[EventRounds "9"]
[EventCountry "RUS"]
[SourceTitle "EXT 2010"]
[Source "ChessBase"]
[SourceDate "2010.11.25"]
[SourceVersion "1"]
[SourceVersionDate "2010.11.25"]
[SourceQuality "1"]

1. e4 e6 2. d4 d5 3. Nc3 dxe4 4. Nxe4 Bd7 5. Nf3 Bc6 6. Bd3 Nd7 7. 0-0 Ngf6 8. Re1 Nxe4 9. Bxe4 Bxe4 10. Rxe4 Nf6 11. Re1 Be7 12. Qe2 0-0 13. c3 a6 14. Bf4 c5 15. Rad1 Nd5 16. Bg3 cxd4 17. Nxd4 Qb6 18. Nf5 Bf6 19. Nd4 Rad8 20. h3 Rd7 21. Rd3 Rfd8 22. Red1 Ne7 23. Be5 Ng6 24. Bxf6 gxf6 25. Nb3 Rxd3 26. Rxd3 Rxd3 27. Qxd3 e5 28. g3 Qc6 29. c4 Qe6 30. Kg2 f5 31. Nc5 Qb6 32. Nd7 Qc6+ 33. Qd5 Qxd5+ 34. cxd5 Ne7 35. d6 Nc6 36. Nc5 Nd8 37. Kf3 f6 38. g4 fxg4+ 39. Kxg4 Kf7 40. Kf5 b6 41. Ne4 Nb7 42. b3 a5 43. a4 h6 44. h4 Nd8 45. Nxf6 Nc6 46. Nd7 Nd4+ 47. Kxe5 Nxb3 48. Nxb6 Kf8 49. f4 Nc5 50. f5 Nd3+ 51. Kf6 1-0

[Event "Novoshachtinsk op"]
[Site "Novoshachtinsk"]
[Date "2007.02.??"]
[Round "1"]
[White "Petrenko, Andrey"]
[Black "Shagbazyan, Taron"]
[Result "0-1"]
[WhiteElo "1853"]
[BlackElo "2134"]
[PlyCount "76"]
[EventDate "2007.02.??"]
[EventType "swiss"]
[EventRounds "9"]
[EventCountry "RUS"]
[SourceTitle "EXT 2010"]
[Source "ChessBase"]
[SourceDate "2010.11.25"]
[SourceVersion "1"]
[SourceVersionDate "2010.11.25"]
[SourceQuality "1"]

1. e4 c5 2. Nc3 Nc6 3. d3 g6 4. g3 Bg7 5. Bg2 d6 6. f4 e6 7. Nf3 Nge7 8. Be3 0-0 9. 0-0 Rb8 10. Rb1 b5 11. a3 a5 12. d4 b4 13. axb4 axb4 14. Ne2 c4 15. e5 d5 16. c3 b3 17. Ra1 Bd7 18. Ra3 Qb6 19. Qd2 Ra8 20. Rfa1 Qb7 21. Qc1 Rfb8 22. Qf1 Bf8 23. Bc1 Nc8 24. Rxa8 Rxa8 25. Rxa8 Qxa8 26. g4 Qa1 27. Nh4 Be7 28. Nf3 Nb6 29. Qe1 Na4 30. Qd2 Ba3 31. Kf2 Bxb2 32. Bxb2 Nxb2 33. f5 Nd3+ 34. Kg3 b2 35. Qh6 Qc1 36. Nxc1 bxc1Q 37. Ng5 Qe1+ 38. Kh3 Nf4# 0-1